Comuni della Provincia di Biella (con mappa) - Statistics

Statistiche generali
  • Questo quiz è stato fatto 64 volte
  • Il punteggio medio è 47 su 74
Risposte nella Mappa
Le risposte nella mappa del quiz sottostante sono codificate secondo una scala di colori dal rosso al verde in base alla % di persone che hanno risposto correttamente.
 
Statistiche sulle risposte
Risposta % Corretto
Biella
100%
Donato
82%
Occhieppo Superiore
82%
Vigliano Biellese
82%
Andorno Micca
76%
Cavaglià
76%
Cossato
76%
Gaglianico
76%
Occhieppo Inferiore
76%
Piedicavallo
76%
Rosazza
76%
Sandigliano
76%
Valdilana
76%
Zubiena
76%
Zumaglia
76%
Brusnengo
71%
Candelo
71%
Coggiola
71%
Crevacuore
71%
Masserano
71%
Miagliano
71%
Ponderano
71%
Sagliano Micca
71%
Sala Biellese
71%
Valdengo
71%
Ailoche
65%
Bioglio
65%
Callabiana
65%
Camburzano
65%
Campiglia Cervo
65%
Castelletto Cervo
65%
Cerrione
65%
Curino
65%
Gifflenga
65%
Lessona
65%
Pralungo
65%
Pray
65%
Quaregna Cerreto
65%
Salussola
65%
Sordevolo
65%
Tavigliano
65%
Tollegno
65%
Villa del Bosco
65%
Viverone
65%
Zimone
65%
Benna
59%
Borriana
59%
Mongrando
59%
Muzzano
59%
Netro
59%
Ternengo
59%
Valle San Nicolao
59%
Verrone
59%
Camandona
53%
Casapinta
53%
Dorzano
53%
Graglia
53%
Pettinengo
53%
Piatto
53%
Pollone
53%
Ronco Biellese
53%
Roppolo
53%
Sostegno
53%
Veglio
53%
Villanova Biellese
53%
Magnano
47%
Massazza
47%
Mottalciata
47%
Portula
47%
Vallanzengo
47%
Caprile
41%
Mezzana Mortigliengo
41%
Strona
41%
Torrazzo
41%
Nessun quiz corrispondente trovato
Distribuzione punteggi
Percentuale di utenti per punteggio
Percentile per numero di risposta
I tuoi punteggi nel tempo
Non hai fatto questo quiz